Resultados y lecciones en modelo de gestión de innovación en cooperativas

Сохранить в:
Библиографические подробности
Корпоративные авторы: FIA (Автор), Fundación para la Innovación Agraria (Автор)
Формат:
Язык:испанский
Опубликовано: Santiago FIA 2016
Редактирование:1a. ed
Серии:Experiencias de Innovación para el Emprendimiento Agrario, 130
Предметы:
Метки: Добавить метку
Нет меток, Требуется 1-ая метка записи!

MARC

LEADER 00000cam a2200000 a 4500
001 UCC1015
003 CL-VaPUC
008 170922e20160000cl |||||||||||||||||spa|d
020 |a 9789563282016 
082 0 4 |a 630  |b FIA  |2 21 
110 2 |a FIA  |e author  |9 594980 
710 2 |a Fundación para la Innovación Agraria  |e author  |9 594981 
245 1 0 |a Resultados y lecciones en modelo de gestión de innovación en cooperativas 
246 1 0 |a Proyectos de innovación en Regiones de O`Higgins, del Maule, de La Araucanía, de Los Ríos y de Los Lagos 
250 |a 1a. ed 
300 |a 68 p 
942 |c BK 
945 |d 20170922 16:51:00  |a dcastane 
260 |a Santiago  |b FIA  |c 2016 
650 0 |a Agricultura  |9 255598 
650 0 |a Administración agrícola   |9 264313 
650 0 |a Cooperativas agrícolas  |9 346587 
650 7 |a INNOVACION AGRARIA  |2 CL-VaPUC  |9 594982 
583 |a last modification  |c 20170922 16:51:00  |k Rodrigo Vera 
490 0 |a Experiencias de Innovación para el Emprendimiento Agrario, 130 
999 |c 369614  |d 369612 
952 |0 0  |1 0  |3 erb  |4 0  |6 630_000000000000000_FIA_2016  |7 0  |8 A  |9 485540  |a BIBAGR  |b BIBAGR  |i 5425301  |o 630 FIA 2016  |p 5425301  |r 2025-01-20  |w 2019-11-24  |y BK  |z Catalogado en:20170922  |k AGR